[Event "Mittelfrankenliga 05/06 (B2a)"]
[Site "Mfr.2005/06-R1"]
[Date "2005.10.16"]
[Round "1.2"]
[White "Weiss, Markus[86]"]
[Black "Simon, Martin"]
[Result "0-1"]
[WhiteElo "1921"]
[BlackElo "1922"]
[Annotator "SG/TB Erlangen2-Neumarkt1"]
[PlyCount "88"]
[EventDate "2005.10.16"]
[SourceDate "2005.10.17"]

1. d4 e6 2. c4 d5 3. Nc3 Nf6 4. cxd5 exd5 5. Bg5 Be7 6. e3 O-O 7. Bd3 Re8 8.
Nge2 h6 9. Bh4 c6 10. O-O Nbd7 11. f3 Qb6 12. Qd2 a5 13. Bf2 a4 14. a3 Qa5 15.
h3 b5 16. Qc2 Nb6 17. e4 Ba6 18. e5 Nfd7 19. Nf4 Nf8 20. Na2 Nc4 21. Rfe1 Bg5
22. Bxc4 bxc4 23. Ne2 Reb8 24. Nac3 Bc8 25. f4 Be7 26. f5 Bg5 27. h4 Bd8 28.
Nf4 Qb6 29. Nd1 Qb3 30. Qxb3 Rxb3 31. g4 Ba5 32. Re3 Rab8 33. Ne2 Bd2 34. Rxb3
axb3 35. Ndc3 g6 36. Rd1 Bxc3 37. Nxc3 gxf5 38. g5 hxg5 39. hxg5 Ne6 40. Kh2
Kg7 41. Ne2 Bd7 42. Be3 Rh8+ 43. Kg3 Rh5 44. Rg1 Nc7 0-1

[Event "Mittelfrankenliga 05/06 (B2a)"]
[Site "Mfr.2005/06-R1"]
[Date "2005.10.16"]
[Round "1.3"]
[White "Brunner, Wolfgang"]
[Black "Albrecht, Thorsten"]
[Result "1/2-1/2"]
[WhiteElo "1941"]
[BlackElo "1964"]
[Annotator "SG/TB Erlangen2-Neumarkt1"]
[PlyCount "49"]
[EventDate "2005.10.16"]
[SourceDate "2005.10.17"]

1. d4 f5 2. c4 Nf6 3. Nf3 g6 4. g3 Bg7 5. Bg2 O-O 6. O-O d6 7. Nc3 c6 8. e3 Qe8
9. d5 h6 10. Nd4 e5 11. dxe6 Bxe6 12. Qb3 Bc8 13. Qa3 Qe7 14. b4 Nbd7 15. b5 c5
16. Nde2 Nb6 17. Nf4 Kh7 18. Qb3 g5 19. Nfd5 Nfxd5 20. cxd5 Qe5 21. Bb2 Nd7 22.
Nd1 Qe7 23. Bxg7 Qxg7 24. Nb2 Ne5 25. Nc4 1/2-1/2

[Event "Mittelfrankenliga 05/06 (B2a)"]
[Site "Mfr.2005/06-R1"]
[Date "2005.10.16"]
[Round "1.4"]
[White "Jillek, Werner,Dr."]
[Black "Weidenhoefer, Martin"]
[Result "1/2-1/2"]
[WhiteElo "1906"]
[BlackElo "1910"]
[Annotator "SG/TB Erlangen2-Neumarkt1"]
[PlyCount "73"]
[EventDate "2005.10.16"]
[SourceDate "2005.10.17"]

1. f4 Nf6 2. e3 d5 3. Nf3 c5 4. b3 Nc6 5. Bb2 e6 6. Be2 Bd6 7. O-O a6 8. Ne5
Bd7 9. d3 Qc7 10. d4 cxd4 11. exd4 Qb6 12. Kh1 Ne4 13. Nxd7 Kxd7 14. c4 Qc7 15.
cxd5 exd5 16. Bg4+ Kd8 17. Nc3 Nxc3 18. Bxc3 h5 19. Bh3 Ne7 20. Rc1 Ba3 21. Bb2
Qd6 22. Bxa3 Qxa3 23. Qc2 Qd6 24. Rf3 g6 25. Rc3 Nc6 26. Qf2 Re8 27. Rc5 Re4
28. g3 Qf6 29. Rxd5+ Ke7 30. Qb2 Kf8 31. Rd1 Rae8 32. Qc3 Qg7 33. Rd7 Re3 34.
Qa1 h4 35. d5 Nd8 36. Qxg7+ Kxg7 37. Rd6 1/2-1/2

[Event "Mittelfrankenliga 05/06 (B2a)"]
[Site "Mfr.2005/06-R1"]
[Date "2005.10.16"]
[Round "1.5"]
[White "Kipferl, Wolfgang,Dr."]
[Black "Staehle, Philipp"]
[Result "1/2-1/2"]
[WhiteElo "1832"]
[BlackElo "1814"]
[Annotator "SG/TB Erlangen2-Neumarkt1"]
[PlyCount "49"]
[EventDate "2005.10.16"]
[SourceDate "2005.10.17"]

1. e4 e5 2. Nf3 Nc6 3. d4 exd4 4. Nxd4 d6 5. Bc4 Bd7 6. Nc3 h6 7. Be3 Nf6 8. h3
Be7 9. O-O O-O 10. a3 a6 11. f4 b5 12. Ba2 Nxd4 13. Qxd4 Be6 14. Bxe6 fxe6 15.
Rad1 Qd7 16. e5 Ne8 17. exd6 cxd6 18. Ne4 Rc8 19. Nc5 Qc6 20. Nxe6 Rf6 21. f5
Qb7 22. c3 Nc7 23. Bxh6 Nxe6 24. fxe6 Rg6 25. Rd2 1/2-1/2

[Event "Mittelfrankenliga 05/06 (B2a)"]
[Site "Mfr.2005/06-R1"]
[Date "2005.10.16"]
[Round "1.6"]
[White "Hetzner, Andreas"]
[Black "Niebler, Andreas"]
[Result "0-1"]
[WhiteElo "1777"]
[BlackElo "1826"]
[Annotator "SG/TB Erlangen2-Neumarkt1"]
[PlyCount "88"]
[EventDate "2005.10.16"]
[SourceDate "2005.10.17"]

1. e4 e6 2. d3 d5 3. exd5 exd5 4. Be2 Nf6 5. Bg5 Be7 6. Nf3 O-O 7. O-O c6 8.
Nbd2 h6 9. Bf4 Bd6 10. Ne5 Qc7 11. d4 c5 12. c3 Nc6 13. Ndf3 Bf5 14. Qd2 Ne4
15. Qc1 g5 16. Bg3 Bh7 17. Ng4 Kg7 18. dxc5 Bxg3 19. hxg3 Qe7 20. b4 f5 21. Ne3
Rad8 22. Qb2 Qf6 23. Nd4 Nxc3 24. Ndxf5+ Bxf5 25. Nxf5+ Kg6 26. Bd3 Ne4 27.
Qxf6+ Kxf6 28. Bxe4 dxe4 29. Nd6 Nxb4 30. Nxe4+ Kg6 31. Rfb1 Nc2 32. Rc1 Nxa1
33. Rxa1 Rc8 34. Rb1 Rc7 35. f3 Rd8 36. Nd6 Rdd7 37. Ne4 Rd5 38. Rc1 b6 39. c6
Re5 40. Nd6 Re6 41. Nb5 Rcxc6 42. Rd1 a6 43. Nd4 Red6 44. Kf2 Rc2+ 0-1

[Event "Mittelfrankenliga 05/06 (B2a)"]
[Site "Mfr.2005/06-R1"]
[Date "2005.10.16"]
[Round "1.7"]
[White "Moesl, Sebastian"]
[Black "Rohde, Bjoern"]
[Result "1/2-1/2"]
[WhiteElo "1759"]
[BlackElo "1685"]
[Annotator "SG/TB Erlangen2-Neumarkt1"]
[PlyCount "72"]
[EventDate "2005.10.16"]
[SourceDate "2005.10.17"]

1. e4 e6 2. d4 d5 3. exd5 exd5 4. Bd3 Bd6 5. Nc3 Ne7 6. Bg5 f6 7. Bh4 Nbc6 8.
Qh5+ g6 9. Qf3 Rf8 10. Nge2 Bb4 11. O-O Bxc3 12. bxc3 Nf5 13. Bg3 Nce7 14. Rfe1
Kf7 15. Bf4 Nh4 16. Qg3 Nhf5 17. Qh3 Kg8 18. g4 Ng7 19. Qg3 Qd7 20. h3 Ne6 21.
Bh6 Rf7 22. f3 c5 23. dxc5 Nxc5 24. Nd4 Nxd3 25. cxd3 Nc6 26. Ne6 Re7 27. Nc5
Qe8 28. d4 Nd8 29. Rxe7 Qxe7 30. Re1 Ne6 31. Bf4 b6 32. Bd6 Qf7 33. Nd3 Ba6 34.
Nb4 Bc4 35. a3 Rc8 36. Re3 a5 1/2-1/2

[Event "Mittelfrankenliga 05/06 (B2a)"]
[Site "Mfr.2005/06-R1"]
[Date "2005.10.16"]
[Round "1.8"]
[White "Klek, Hanna-Marie"]
[Black "Runde, Eduard"]
[Result "1-0"]
[WhiteElo "1603"]
[BlackElo "1623"]
[Annotator "SG/TB Erlangen2-Neumarkt1"]
[PlyCount "83"]
[EventDate "2005.10.16"]
[SourceDate "2005.10.17"]

1. e4 e5 2. Nf3 Nc6 3. d4 exd4 4. Bc4 Nf6 5. O-O d6 6. Nxd4 Ne5 7. Bd3 c5 8.
Nf3 Bg4 9. Nbd2 a6 10. a4 Be7 11. h3 Bh5 12. b3 d5 13. Bb2 d4 14. Be2 Qd6 15.
Nxe5 Qxe5 16. f4 Bxe2 17. fxe5 Bxd1 18. exf6 Bxc2 19. fxe7 Kxe7 20. Rac1 d3 21.
Bxg7 Rhg8 22. Bb2 Rg3 23. Rf3 Rag8 24. Rxg3 Rxg3 25. Kf2 Rg6 26. a5 Re6 27. Re1
Kd7 28. Re3 Kc6 29. Bc3 b5 30. axb6 Kxb6 31. Rf3 Re7 32. Rf6+ Kb7 33. g4 Ka7
34. Rc6 Kb7 35. Rxc5 Rc7 36. Rxc7+ Kxc7 37. b4 Kd7 38. Nf3 Ke7 39. Ke3 Kf8 40.
Ne1 Kg8 41. Nxd3 Ba4 42. h4 1-0

[Event "Mittelfrankenliga 05/06 (B2a)"]
[Site "Mfr.2005/06-R1"]
[Date "2005.10.16"]
[Round "1.1"]
[White "Krisin, Joachim"]
[Black "Nickmann, Peter"]
[Result "1-0"]
[WhiteElo "1898"]
[BlackElo "1924"]
[Annotator "SF Fürth2-Siem.Erlangen1"]
[PlyCount "71"]
[EventDate "2005.10.16"]
[SourceDate "2005.10.17"]

1. b3 d5 2. f4 Nf6 3. Nf3 Bg4 4. e3 Nbd7 5. Bb2 e6 6. Be2 Ne4 7. O-O Be7 8. Ne5
Bxe2 9. Qxe2 Bf6 10. d3 Nd6 11. c4 dxc4 12. bxc4 Nf5 13. Nd2 Nxe5 14. Bxe5 Bxe5
15. fxe5 Qg5 16. Rfe1 O-O 17. Nf3 Qd8 18. Rad1 c6 19. d4 Qa5 20. e4 Ne7 21. Qb2
Rab8 22. Re3 Rfd8 23. Ra3 Qb6 24. Qxb6 axb6 25. Rb1 Nc8 26. Rd1 Ne7 27. Rb3 Nc8
28. d5 b5 29. cxb5 cxd5 30. exd5 exd5 31. Rc3 Rd7 32. Rdc1 Nb6 33. Rc7 Rbd8 34.
Rxd7 Rxd7 35. a4 Nxa4 36. Rc8+ 1-0

[Event "Mittelfrankenliga 05/06 (B2a)"]
[Site "Mfr.2005/06-R1"]
[Date "2005.10.16"]
[Round "1.2"]
[White "Koschka, Robert"]
[Black "Guenther, Torsten"]
[Result "0-1"]
[WhiteElo "1834"]
[BlackElo "1978"]
[Annotator "SF Fürth2-Siem.Erlangen1"]
[PlyCount "66"]
[EventDate "2005.10.16"]
[SourceDate "2005.10.17"]

1. e4 e6 2. d4 d5 3. e5 c5 4. c3 Nc6 5. Nf3 Qb6 6. Bd3 Bd7 7. O-O cxd4 8. cxd4
Nxd4 9. Nxd4 Qxd4 10. Nc3 Qb6 11. Qe2 a6 12. Rd1 Ne7 13. Be3 Qd8 14. Bg5 Rc8
15. Kh1 Qc7 16. Rac1 Nc6 17. f4 Be7 18. h4 Bxg5 19. hxg5 g6 20. Kg1 h6 21. gxh6
Rxh6 22. Qf2 Qa5 23. a3 Ke7 24. Ne2 Rch8 25. Ng3 Rh4 26. Rf1 Qa4 27. Qc5+ Ke8
28. Ne2 Qb3 29. Qc3 Qb6+ 30. Qc5 Qxb2 31. Rb1 Qd2 32. Rb3 d4 33. Rf3 Rh1+ 0-1

[Event "Mittelfrankenliga 05/06 (B2a)"]
[Site "Mfr.2005/06-R1"]
[Date "2005.10.16"]
[Round "1.3"]
[White "Loehr, Roland"]
[Black "Koerber, Thomas"]
[Result "1/2-1/2"]
[WhiteElo "1958"]
[BlackElo "1920"]
[Annotator "SF Fürth2-Siem.Erlangen1"]
[PlyCount "60"]
[EventDate "2005.10.16"]
[SourceDate "2005.10.17"]

1. c4 Nf6 2. Nc3 e6 3. e4 d5 4. e5 d4 5. exf6 dxc3 6. bxc3 Qxf6 7. d4 c5 8. Nf3
h6 9. Be2 Bd6 10. O-O O-O 11. Be3 Rd8 12. Qb3 b6 13. Ne5 Bb7 14. f4 Qe7 15. Bf3
Bxf3 16. Rxf3 Qc7 17. Raf1 Nc6 18. Nxc6 Qxc6 19. f5 exf5 20. Rxf5 Rd7 21. d5
Qc7 22. h3 Re8 23. Bf4 Rde7 24. Qa4 f6 25. Bxd6 Qxd6 26. Qd1 Re3 27. Qg4 Kh7
28. R5f3 R3e4 29. Qf5+ Kh8 30. Qg6 Re1 1/2-1/2

[Event "Mittelfrankenliga 05/06 (B2a)"]
[Site "Mfr.2005/06-R1"]
[Date "2005.10.16"]
[Round "1.4"]
[White "Beck, Gerhard[46]"]
[Black "Poelsterl, Hans"]
[Result "0-1"]
[WhiteElo "1935"]
[BlackElo "1863"]
[Annotator "SF Fürth2-Siem.Erlangen1"]
[PlyCount "78"]
[EventDate "2005.10.16"]
[SourceDate "2005.10.17"]

1. Nf3 Nf6 2. c4 d6 3. d4 g6 4. Nc3 Bg7 5. e4 O-O 6. Bd3 Nc6 7. h3 e5 8. d5 Nd4
9. Be3 Nd7 10. g4 Nc5 11. Bb1 Qf6 12. Bxd4 exd4 13. Nb5 d3 14. Nc3 Nxe4 15.
Nxe4 Qxb2 16. O-O Qxa1 17. Qxd3 Qb2 18. Re1 Bd7 19. Kg2 Rae8 20. Re2 Qb4 21. a3
Qa5 22. Nh4 Qb6 23. f4 f5 24. gxf5 gxf5 25. Ng5 Rxe2+ 26. Qxe2 Qb2 27. Qxb2
Bxb2 28. a4 Bf6 29. Bc2 Bxg5 30. fxg5 f4 31. Nf3 Re8 32. Nd4 Re3 33. h4 Rc3 34.
Bf5 Bxf5 35. Nxf5 Rxc4 36. a5 Rc3 37. h5 b5 38. g6 hxg6 39. hxg6 b4 0-1

[Event "Mittelfrankenliga 05/06 (B2a)"]
[Site "Mfr.2005/06-R1"]
[Date "2005.??.??"]
[Round "1.5"]
[White "Weh, Peter"]
[Black "Vinokur, Mykhaylo"]
[Result "1-0"]
[WhiteElo "1839"]
[BlackElo "1787"]
[Annotator "SF Fürth2-Siem.Erlangen1"]
[PlyCount "73"]
[EventDate "2005.10.16"]
[SourceDate "2005.10.17"]

1. c4 c6 2. Nf3 d5 3. cxd5 cxd5 4. g3 Nf6 5. Bg2 e6 6. O-O Nc6 7. d3 Be7 8. a3
O-O 9. b4 a6 10. Bb2 Bd7 11. Nbd2 Rc8 12. Nb3 b6 13. Qd2 Qc7 14. Rfc1 Rfd8 15.
Nbd4 Qb7 16. h3 Nxd4 17. Bxd4 Ba4 18. Qg5 Ne8 19. Qe3 Nd6 20. g4 Rxc1+ 21. Rxc1
Nc8 22. Nh2 Rd6 23. g5 Rc6 24. Re1 Nd6 25. Qf4 Rc7 26. Be5 Rd7 27. Ng4 Ne8 28.
d4 Bf8 29. Bf3 Bc6 30. Kh1 a5 31. Rg1 Rd8 32. Nf6+ Kh8 33. Ng4 Bd6 34. Nh6 Rd7
35. Ng4 Qc7 36. Rc1 Kg8 37. b5 1-0

[Event "Mittelfrankenliga 05/06 (B2a)"]
[Site "Mfr.2005/06-R1"]
[Date "2005.10.16"]
[Round "1.6"]
[White "Holzschuh, Tobias"]
[Black "Fainberg, Jakob"]
[Result "1/2-1/2"]
[WhiteElo "1639"]
[BlackElo "1961"]
[Annotator "SF Fürth2-Siem.Erlangen1"]
[PlyCount "117"]
[EventDate "2005.10.16"]
[SourceDate "2005.10.17"]

1. d4 Nf6 2. c4 e6 3. Nf3 d5 4. Nc3 c5 5. e3 Be7 6. dxc5 Bxc5 7. Be2 Nc6 8. O-O
O-O 9. a3 Re8 10. b4 Bf8 11. Bb2 Ne7 12. c5 Ng6 13. Qc2 Bd7 14. Bb5 Rc8 15. Qa4
a6 16. Bxd7 Nxd7 17. e4 dxe4 18. Nxe4 Qc7 19. Rfd1 Rcd8 20. Nd6 Re7 21. Nxb7
Qxb7 22. c6 Qc8 23. Rxd7 Rexd7 24. cxd7 Rxd7 25. Rc1 Qb7 26. h3 Nf4 27. Rc6
Rd1+ 28. Kh2 Rb1 29. Be5 Nd3 30. Bg3 Qa7 31. Rc8 Qe7 32. Qe8 Qxe8 33. Rxe8 e5
34. Nxe5 Nxe5 35. Bxe5 Re1 36. f4 f6 37. Rxf8+ Kxf8 38. Bd6+ Kf7 39. a4 Ke6 40.
Bc5 Rc1 41. Bf8 Rc4 42. Kg3 g5 43. fxg5 fxg5 44. a5 h5 45. Kf3 Kf5 46. Ke3 Rc3+
47. Kf2 g4 48. hxg4+ Kxg4 49. Bd6 h4 50. Kg1 Kf5 51. Kf2 Ke6 52. Bf8 Kd5 53.
Be7 h3 54. gxh3 Rxh3 55. Ke2 Kc4 56. Kd2 Kb3 57. Ke2 Rh8 58. Kd2 Rh2+ 59. Kd3
1/2-1/2

[Event "Mittelfrankenliga 05/06 (B2a)"]
[Site "Mfr.2005/06-R1"]
[Date "2005.10.16"]
[Round "1.7"]
[White "Ziegler, Ronald"]
[Black "Bruckner, Paul"]
[Result "1/2-1/2"]
[WhiteElo "1876"]
[BlackElo "1601"]
[Annotator "SF Fürth2-Siem.Erlangen1"]
[PlyCount "86"]
[EventDate "2005.10.16"]
[SourceDate "2005.10.17"]

1. e4 c5 2. Nf3 d6 3. d4 cxd4 4. Nxd4 Nf6 5. Nc3 a6 6. a4 Nc6 7. Be2 e6 8. Be3
Bd7 9. O-O Be7 10. f4 Rc8 11. Qe1 Nb4 12. Qg3 g6 13. f5 e5 14. fxg6 hxg6 15.
Qf2 Rh7 16. Nf3 Rxc3 17. bxc3 Nxe4 18. Bb6 Nxf2 19. Bxd8 Bxd8 20. cxb4 Ne4 21.
a5 Nc3 22. Bc4 d5 23. Bb3 Bc7 24. Ng5 Rg7 25. Rf3 Ne2+ 26. Kf2 Nd4 27. Rc3 Bd6
28. Bxd5 Bxb4 29. Rc7 Be7 30. Nxf7 Be6 31. Bxe6 Nxe6 32. Rxe7+ Kxe7 33. Nxe5
Kd6 34. Nd3 Rc7 35. Ra2 Nd4 36. Ne1 Kd5 37. Rb2 Nb5 38. Rb3 Rf7+ 39. Rf3 Rg7
40. Rf6 Kc4 41. Rf4+ Kc3 42. Kg3 Re7 43. Nf3 Kxc2 1/2-1/2

[Event "Mittelfrankenliga 05/06 (B2a)"]
[Site "Mfr.2005/06-R1"]
[Date "2005.10.16"]
[Round "1.8"]
[White "Grossner, Josef"]
[Black "Kirsch, Heinrich"]
[Result "1/2-1/2"]
[WhiteElo "1651"]
[BlackElo "1670"]
[Annotator "SF Fürth2-Siem.Erlangen1"]
[PlyCount "85"]
[EventDate "2005.10.16"]
[SourceDate "2005.10.17"]

1. e4 e5 2. Nf3 Nc6 3. Bb5 a6 4. Bxc6 dxc6 5. O-O Bg4 6. h3 Bxf3 7. Qxf3 Qf6 8.
Qg3 Bd6 9. Nc3 Qg6 10. Qxg6 hxg6 11. d3 Nf6 12. Be3 O-O-O 13. Rad1 Nd7 14. a3
f5 15. f3 Nf6 16. Rd2 c5 17. Rb1 Rd7 18. Rbd1 Rhd8 19. Bg5 Be7 20. Be3 f4 21.
Bf2 c4 22. Ne2 c5 23. Nc1 b5 24. Be1 cxd3 25. Rxd3 c4 26. Rxd7 Nxd7 27. Ne2 Kb7
28. Rd5 Bf6 29. Ba5 Nb6 30. Rxd8 Bxd8 31. Bb4 Kc6 32. Nc3 Nd7 33. Nd5 Nc5 34.
Kf1 a5 35. Bd2 Na4 36. b3 cxb3 37. cxb3 Nc5 38. b4 Nb3 39. Bc3 Kd6 40. Ke2 a4
41. Be1 Nd4+ 42. Kd3 Ne6 43. Bf2 1/2-1/2

[Event "Mittelfrankenliga 05/06 (B2a)"]
[Site "Mfr.2005/06-R1"]
[Date "2005.10.16"]
[Round "1.1"]
[White "Hannweber, Markus"]
[Black "Seeger, Peter"]
[Result "1-0"]
[WhiteElo "1853"]
[BlackElo "2043"]
[Annotator "Eckental1-Nbg.1911/2"]
[PlyCount "93"]
[EventDate "2005.10.16"]
[SourceDate "2005.10.17"]

1. e4 c6 2. d4 d5 3. Nc3 g6 4. Nf3 Bg7 5. Be2 dxe4 6. Nxe4 Nd7 7. O-O Ngf6 8.
Ng3 O-O 9. Re1 Qc7 10. c3 Nd5 11. Qc2 Re8 12. h4 e5 13. Bc4 N5b6 14. Bd3 Rf8
15. h5 exd4 16. hxg6 hxg6 17. Nxd4 Nc5 18. Bf1 Ne6 19. Nf3 Nd5 20. Bc4 b5 21.
Bxd5 cxd5 22. Qb3 a6 23. Be3 Bb7 24. Nd4 Nc5 25. Qc2 Ne4 26. Nge2 Rfe8 27. Bf4
Be5 28. Bxe5 Qxe5 29. Qd3 Kg7 30. Nf3 Qh5 31. Qd4+ Nf6 32. Ng3 Qh6 33. Re5 Rxe5
34. Qxe5 Re8 35. Qc7 Bc8 36. Ne5 Be6 37. Re1 Qd2 38. Nf3 Qxb2 39. Ng5 Ng4 40.
Nxe6+ Rxe6 41. Rxe6 Qxf2+ 42. Kh1 Qd2 43. Nf1 Qf2 44. Nh2 Qd2 45. Nxg4 Qd1+ 46.
Kh2 Qxg4 47. Qe5+ 1-0

[Event "Mittelfrankenliga 05/06 (B2a)"]
[Site "Mfr.2005/06-R1"]
[Date "2005.10.16"]
[Round "1.2"]
[White "Rohrbach, Frank"]
[Black "Dereser, Marc"]
[Result "1-0"]
[WhiteElo "2079"]
[BlackElo "1851"]
[Annotator "Eckental1-Nbg.1911/2"]
[PlyCount "79"]
[EventDate "2005.10.16"]
[SourceDate "2005.10.17"]

1. d4 Nf6 2. c4 e6 3. g3 d5 4. Bg2 c6 5. Nf3 Bb4+ 6. Bd2 Qa5 7. O-O Ne4 8. Bf4
Nd7 9. Qc2 Ndf6 10. Ne5 O-O 11. c5 Nd7 12. Nd3 b6 13. Bc7 Ba6 14. Nc1 Rac8 15.
Bxe4 dxe4 16. Bd6 Rfe8 17. a3 bxc5 18. Nb3 Qb6 19. dxc5 Bxc5 20. Nxc5 Nxc5 21.
Bxc5 Qb5 22. Re1 f5 23. b4 Rc7 24. Nc3 Qc4 25. Red1 Bc8 26. Rd4 Qa6 27. Rd6 Qb7
28. Rad1 Rd7 29. Rxd7 Bxd7 30. Qd2 Bc8 31. Qg5 Qc7 32. Bd6 Qb6 33. Be5 Qb7 34.
Na4 Qf7 35. Nc5 h6 36. Qd2 Rf8 37. Qd6 Qe8 38. Qc7 Qf7 39. Qxc6 Kh7 40. Qc7 1-0

[Event "Mittelfrankenliga 05/06 (B2a)"]
[Site "Mfr.2005/06-R1"]
[Date "2005.10.16"]
[Round "1.3"]
[White "Walter, Markus,Dr."]
[Black "Reichenberger, Helmut,Dr."]
[Result "1/2-1/2"]
[WhiteElo "1952"]
[BlackElo "1837"]
[Annotator "Eckental1-Nbg.1911/2"]
[PlyCount "83"]
[EventDate "2005.10.16"]
[SourceDate "2005.10.17"]

1. e4 d6 2. d4 Nf6 3. Nc3 c6 4. f3 Qc7 5. Be3 e5 6. Bc4 Be7 7. a4 a5 8. Nge2
Nbd7 9. O-O exd4 10. Nxd4 Ne5 11. Bb3 O-O 12. Qe2 Re8 13. Rad1 Bf8 14. Bg5 b6
15. Bxf6 gxf6 16. Qf2 Ng6 17. Qg3 Be6 18. h4 Kh8 19. h5 Ne5 20. Qf4 Bxb3 21.
cxb3 Be7 22. Nf5 Rg8 23. Nxd6 Rg7 24. h6 Rg6 25. Nxf7+ Kg8 26. Nxe5 fxe5 27.
Qc1 Bg5 28. Qc2 Be3+ 29. Rf2 Qf7 30. Kf1 Bxf2 31. Kxf2 Rxh6 32. Ne2 Qe7 33. Ng3
Rg6 34. Nf5 Qc7 35. Rd3 Rd8 36. Qc3 Rxd3 37. Qxd3 Kf8 38. g4 Rf6 39. Qa6 Re6
40. Ne3 Qd8 41. Nf5 Qc7 42. Ne3 1/2-1/2

[Event "Mittelfrankenliga 05/06 (B2a)"]
[Site "Mfr.2005/06-R1"]
[Date "2005.10.16"]
[Round "1.4"]
[White "Theimer, Matthias"]
[Black "Leibing, Kai-Ingo"]
[Result "0-1"]
[WhiteElo "1748"]
[BlackElo "1850"]
[Annotator "Eckental1-Nbg.1911/2"]
[PlyCount "70"]
[EventDate "2005.10.16"]
[SourceDate "2005.10.17"]

1. c4 d6 2. Nc3 Nf6 3. d4 c6 4. Nf3 Bg4 5. g3 e6 6. Bg2 Be7 7. O-O O-O 8. Bf4
Nbd7 9. Re1 a6 10. Qd2 Qc7 11. c5 Bxf3 12. cxd6 Bxd6 13. Bxd6 Qxd6 14. Bxf3
Rad8 15. Rad1 Nb6 16. Ne4 Nxe4 17. Bxe4 Nd5 18. e3 Qe7 19. a3 f5 20. Bf3 Qf7
21. Qc2 Kh8 22. Rd2 g5 23. e4 Ne7 24. Rde2 g4 25. Bg2 f4 26. gxf4 Qxf4 27. Qd2
Qf6 28. e5 Qh4 29. Be4 Nf5 30. Bxf5 Rxf5 31. Re3 Rf3 32. Qe2 Rdf8 33. Rxf3 gxf3
34. Qf1 Rg8+ 35. Kh1 Rg2 0-1

[Event "Mittelfrankenliga 05/06 (B2a)"]
[Site "Mfr.2005/06-R1"]
[Date "2005.10.16"]
[Round "1.5"]
[White "Hennig, Andreas"]
[Black "Bauer, Klaus[66]"]
[Result "1-0"]
[WhiteElo "1837"]
[BlackElo "1798"]
[Annotator "Eckental1-Nbg.1911/2"]
[PlyCount "75"]
[EventDate "2005.10.16"]
[SourceDate "2005.10.17"]

1. d4 d5 2. c4 e6 3. Nc3 Nf6 4. Bg5 Be7 5. Nf3 O-O 6. e3 a6 7. cxd5 Nxd5 8.
Bxe7 Qxe7 9. Bc4 Nxc3 10. bxc3 Nd7 11. O-O b5 12. Bb3 Bb7 13. Re1 Nf6 14. a4 c5
15. Qe2 c4 16. Bc2 Ne4 17. Bxe4 Bxe4 18. Nd2 Bc6 19. e4 Qb7 20. Reb1 Qc7 21. g3
Rfc8 22. d5 exd5 23. exd5 Bxd5 24. axb5 axb5 25. Rxa8 Bxa8 26. Qg4 Bc6 27. Ne4
Kf8 28. Nd6 Rd8 29. Nxb5 Bxb5 30. Rxb5 Rd3 31. Qe4 g6 32. Rb7 Qc8 33. Qe7+ Kg7
34. Qxf7+ Kh6 35. Qf4+ g5 36. Qf6+ Kh5 37. Rxh7+ Kg4 38. h3# 1-0

[Event "Mittelfrankenliga 05/06 (B2a)"]
[Site "Mfr.2005/06-R1"]
[Date "2005.10.16"]
[Round "1.6"]
[White "Collin, Klaus"]
[Black "Zimmer, Frank,Dr."]
[Result "1-0"]
[WhiteElo "1856"]
[BlackElo "1807"]
[Annotator "Eckental1-Nbg.1911/2"]
[PlyCount "73"]
[EventDate "2005.10.16"]
[SourceDate "2005.10.17"]

1. d4 Nf6 2. c4 g6 3. Nc3 Bg7 4. e4 O-O 5. Nf3 d6 6. Be2 e5 7. d5 a5 8. O-O Bg4
9. Ne1 Bxe2 10. Qxe2 Nh5 11. Nd3 Nd7 12. Be3 b6 13. a3 Nc5 14. Nxc5 bxc5 15.
Rab1 Qd7 16. f3 Nf4 17. Qd2 f5 18. b4 fxe4 19. Nxe4 axb4 20. axb4 cxb4 21. Rxb4
Ra4 22. Rfb1 Rxb4 23. Rxb4 Ra8 24. Bxf4 exf4 25. Qxf4 Ra1+ 26. Kf2 Ra2+ 27. Kf1
Ra1+ 28. Ke2 Ra2+ 29. Kf1 Ra1+ 30. Kf2 Ra2+ 31. Kg3 Qd8 32. Qg4 Be5+ 33. Kh3
Kg7 34. Ng5 Qf6 35. Ne6+ Kf7 36. Rb7 h5 37. Ng5+ 1-0

[Event "Mittelfrankenliga 05/06 (B2a)"]
[Site "Mfr.2005/06-R1"]
[Date "2005.10.16"]
[Round "1.7"]
[White "Wissmeier, Thomas"]
[Black "Laibold, Lorenz"]
[Result "1-0"]
[WhiteElo "1762"]
[BlackElo "1739"]
[Annotator "Eckental1-Nbg.1911/2"]
[PlyCount "91"]
[EventDate "2005.10.16"]
[SourceDate "2005.10.17"]

1. e4 c5 2. f4 d5 3. exd5 Qxd5 4. Nc3 Qd8 5. Nf3 Nf6 6. Be2 g6 7. O-O Bg7 8. d3
O-O 9. Kh1 Nc6 10. Be3 b6 11. Rb1 Bb7 12. Ne4 Nd5 13. Bd2 Qc7 14. f5 gxf5 15.
Ng3 e6 16. Nh5 Ne5 17. Nxg7 Ng4 18. Nh5 Nde3 19. Bxe3 Nxe3 20. Qd2 f4 21. Nf6+
Kg7 22. Qc3 e5 23. Nh5+ Kh6 24. Qe1 Qd8 25. Qh4 Qxh4 26. Nxh4 Nxf1 27. Nf5+ Kg5
28. Nd6 Ne3 29. Nxb7 Nxc2 30. Nd6 Nd4 31. Ne4+ Kg6 32. Bd1 f5 33. Nf2 Rac8 34.
b3 Rc6 35. h3 Kh6 36. g4 Rg8 37. gxf5 Rg5 38. Ng4+ Kxh5 39. Nxe5+ Kh4 40. Nxc6
Nxc6 41. f6 Kxh3 42. Bf3 Nd4 43. f7 Rf5 44. Bd5 Ne2 45. Be6 Ng3+ 46. Kg1 1-0

[Event "Mittelfrankenliga 05/06 (B2a)"]
[Site "Mfr.2005/06-R1"]
[Date "2005.10.16"]
[Round "1.8"]
[White "Hager, Lothar"]
[Black "Ammon, Ronald"]
[Result "0-1"]
[WhiteElo "1540"]
[BlackElo "1780"]
[Annotator "Eckental1-Nbg.1911/2"]
[PlyCount "150"]
[EventDate "2005.10.16"]
[SourceDate "2005.10.17"]

1. Nf3 c5 2. g3 Nc6 3. Bg2 Nf6 4. d3 g6 5. O-O Bg7 6. e4 d6 7. c3 O-O 8. Nbd2
Nd7 9. Re1 Nde5 10. Nf1 Bg4 11. Ne3 Bxf3 12. Bxf3 Nxf3+ 13. Qxf3 Qd7 14. Bd2
Ne5 15. Qe2 Rac8 16. f4 Nc6 17. Kg2 b5 18. Rad1 b4 19. Rf1 bxc3 20. Bxc3 Nd4
21. Qd2 Rb8 22. b3 Qb5 23. Nd5 Rb7 24. Rf2 e6 25. Ne3 Ra8 26. Nc4 Qd7 27. Ne3
f5 28. Nc2 Nxc2 29. Bxg7 Qxg7 30. Qxc2 Rb4 31. Qe2 Qf7 32. h4 a5 33. Qf3 Qb7
34. h5 a4 35. hxg6 hxg6 36. Rb1 fxe4 37. dxe4 Qxe4 38. Qxe4 Rxe4 39. Kf3 Rb4
40. Rh2 axb3 41. axb3 Rab8 42. Rbh1 Kg7 43. Rh7+ Kf6 44. Rd7 Rxb3+ 45. Kg4 Rd3
46. Rhh7 Rf8 47. Rc7 e5 48. fxe5+ Kxe5 49. Rcg7 Rff3 50. Kh4 Rxg3 51. Re7+ Kd4
52. Rhf7 Rh3+ 53. Kg5 Rdg3+ 54. Kf6 g5 55. Ke6 Rh6+ 56. Kf5 d5 57. Rg7 c4 58.
Re1 Rh2 59. Rd7 Rf2+ 60. Ke6 Re3+ 61. Rxe3 Kxe3 62. Rxd5 g4 63. Rg5 Kf4 64.
Rf5+ Kg3 65. Rc5 Rc2 66. Ke5 Kf2 67. Kd4 g3 68. Rf5+ Kg1 69. Ke3 g2 70. Rh5
Rc3+ 71. Ke2 Rg3 72. Rh4 c3 73. Rh5 c2 74. Rc5 Kh2 75. Rxc2 g1=Q 0-1

[Event "Mittelfrankenliga 05/06 (B2a)"]
[Site "Mfr.2005/06-R1"]
[Date "2005.10.16"]
[Round "1.1"]
[White "Kuhlmann, Christoph,Dr."]
[Black "Schatz, Christian"]
[Result "1/2-1/2"]
[WhiteElo "2097"]
[BlackElo "2108"]
[Annotator "SZ Fürth1-Lauf1"]
[PlyCount "28"]
[EventDate "2005.10.16"]
[SourceDate "2005.10.17"]

1. c4 c5 2. Nc3 g6 3. g3 Bg7 4. Bg2 Nc6 5. e3 e6 6. Nge2 Nge7 7. O-O O-O 8. d4
cxd4 9. Nxd4 Nxd4 10. exd4 d5 11. cxd5 Nxd5 12. Nxd5 exd5 13. Be3 Be6 14. Qb3
Qd7 1/2-1/2

[Event "Mittelfrankenliga 05/06 (B2a)"]
[Site "Mfr.2005/06-R1"]
[Date "2005.10.16"]
[Round "1.2"]
[White "Aronow, Maxim"]
[Black "Hauernherm-Thoma, Wolfgang"]
[Result "1-0"]
[WhiteElo "2291"]
[BlackElo "2071"]
[Annotator "SZ Fürth1-Lauf1"]
[PlyCount "47"]
[EventDate "2005.10.16"]
[SourceDate "2005.10.17"]

1. e4 d6 2. d4 Nf6 3. Nc3 c6 4. Bg5 Nbd7 5. Nf3 e5 6. Be2 Be7 7. O-O O-O 8. Re1
Qc7 9. Qd2 Re8 10. h3 b5 11. a3 a6 12. Rad1 Bb7 13. Bf1 Bf8 14. dxe5 dxe5 15.
Nh4 g6 16. Ne2 c5 17. Ng3 Qc6 18. Bh6 Rad8 19. Qg5 Bxh6 20. Qxh6 Re6 21. Ngf5
Ne8 22. Rd6 Qc7 23. Rxe6 fxe6 24. Ne7+ 1-0